000 01556cad a22002415a 4500
001 L145999
008 081201s2008 xxkbd f s 000 0 eng d
035 _a(Sirsi) u145999
041 0 _aeng
050 0 4 _a338.5 $2 22
110 2 _aPublic and Corporate Economic Consultants
_95657
245 0 0 _aFrom recession to recovery
_bthe local dimension
_h[electronic resource]
260 _aLondon
_bLocal Government Association
_c2008
505 2 _aExecutive summary -- Introduction -- National picture -- Vulnerability index -- Previous recessions -- At risk index -- Conclusions and recommendations -- Appendix A: 1990-1992 analysis
520 _aReports on a research on the possible impact of a recession on the England regions. The research was carried out in October and November 2008. Estimates that the London region would be the most affected by a recession and the South-West the least. Cities outside London would be less affected. Shows that due to their recent growth, northern regions would face a recession better. The construction and manufacturing sectors would be hardly hit. Most jobs at risk would be in London and in the South East region. Suggests that devolution of economic decision-making to more local entities is one way of facing recession.
521 _aAdvanced
590 _aKA
650 2 4 _aCREDIT CRUNCH
651 4 _aEngland and Wales
_y1543-
690 _aECONOMY
856 4 0 _uhttps://www.lga.gov.uk/lga/publications/publication-display.do?id=1212613
_zView the item free of charge at www.lga.gov.uk...
942 _n0
999 _c109014
_d109014